000 00290nam a22001097a 4500
008 170105b xxu||||| |||| 00| 0 eng d
020 _a9780815148005
041 _aeng
080 _25TH
_a618.2
245 _aMOSBY'S MEDICAL, NURSING & ALLIED HEALTH DICTIONARY
_cANDERSON, K.N
942 _2udc
_cBK
999 _c2585
_d2585